Soderžanije i ocenka ekonomičeskoj effektivnosti proizvodstva
Salvato in:
| Natura: | Libro |
|---|---|
| Lingua: | russo |
| Pubblicazione: |
Minsk
Nauka i technika
1982
|
| Tags: |
Nessun Tag, puoi essere il primo ad aggiungerne!!
|
MARC
| LEADER | 00000nam a2200000 4500 | ||
|---|---|---|---|
| 001 | c131552 | ||
| 005 | 20260202080830.8 | ||
| 041 | 0 | |a rus | |
| 044 | |a BY | ||
| 245 | 1 | 0 | |a Soderžanije i ocenka ekonomičeskoj effektivnosti proizvodstva |c Red. M.I. Plotnickij |
| 264 | 1 | |a Minsk |b Nauka i technika |c 1982 | |
| 300 | |a 173 s. | ||